000 00943nam a2200217Ia 4500
008 191130s2008##################000#0#eng##
020 _a9780077327996
022 _a2007031153
040 _aACL
_cACL
082 _a650.01513 SLA
100 _aSlater, Jeffrey
245 _aPractical business math procedures
_cJeffrey Slater
250 _a10th ed
260 _aBoston, MA
_bMcGraw-Hill/Irwin
_c2008
300 _a1 v. (various pagings) : col. ill. ; 30 cm
500 _aIncludes index. Accompanied by: Business math handbook and a four folded page insert. System requirements for accompanying computer disc: PC Pentilum based processor or equivalent; Microsoft Windows 2000/XP, 512MB of RAM, Microsoft; Offixe XP or better; Internet Explorer 6 or better
650 _aBusiness mathematics - Problems, exercises, etc
990 _ac42ebff0ac10000c53d18c3566301083
991 _a357594
999 _c283711
_d283711